[Event "Deutsche Ländermeisterschaft 2021"]
[Site "Neumünster GER"]
[Date "2021.10.03"]
[Round "3"]
[White "Schwartz, Oliver"]
[Black "Pikalow, Michael"]
[Result "1-0"]
[Termination "normal"]
[Board "7.4"]
[WhiteElo "1761"]
[BlackElo "1906"]
[WhiteClock "00:10:25"]
[BlackClock "00:01:02"]
[WhiteTeam "Württemberg"]
[BlackTeam "Sachsen-Anhalt"]
[PlyCount "79"]
[WhiteFideId "16207459"]
[BlackFideId "16227638"]
[EventCountry "GER"]
[EventRounds "7"]
[EventType "team-swiss"]
[EventDate "2021.10.01"]

1. d4 {[%clk 1:30:57]} Nf6 {[%clk 1:30:50]} 2. c4 {[%clk 1:31:20]} c5 {[%clk
1:31:17]} 3. d5 {[%clk 1:31:41]} b5 {[%clk 1:31:43]} 4. cxb5 {[%clk 1:31:59]}
a6 {[%clk 1:32:10]} 5. Nc3 {[%clk 1:31:55]} axb5 {[%clk 1:25:16]} 6. e4 {[%clk
1:32:15]} b4 {[%clk 1:19:19]} 7. Nb5 {[%clk 1:32:30]} d6 {[%clk 1:18:21]} 8.
Bc4 {[%clk 1:32:05]} g6 {[%clk 1:16:00]} 9. e5 {[%clk 1:30:31]} dxe5 {[%clk
0:45:58]} 10. d6 {[%clk 1:29:16]} exd6 {[%clk 0:45:58]} 11. Bg5 {[%clk
1:29:38]} Ra5 {[%clk 0:35:41]} 12. Nf3 {[%clk 1:15:43]} Rxb5 {[%clk 0:23:48]}
13. Bxb5+ {[%clk 1:14:53]} Bd7 {[%clk 0:24:02]} 14. Bc4 {[%clk 1:00:14]} h6
{[%clk 0:22:20]} 15. Bxf6 {[%clk 0:59:55]} Qxf6 {[%clk 0:22:44]} 16. O-O {[%clk
0:52:51]} Be7 {[%clk 0:20:06]} 17. a3 {[%clk 0:48:59]} Nc6 {[%clk 0:17:58]} 18.
axb4 {[%clk 0:45:59]} Nxb4 {[%clk 0:17:26]} 19. Ra8+ {[%clk 0:39:50]} Bd8
{[%clk 0:17:51]} 20. Ra7 {[%clk 0:39:26]} Nc6 {[%clk 0:11:29]} 21. Ra6 {[%clk
0:37:15]} Be7 {[%clk 0:10:00]} 22. Nd2 {[%clk 0:35:13]} O-O {[%clk 0:08:19]}
23. Bd5 {[%clk 0:24:01]} Nb4 {[%clk 0:07:50]} 24. Ne4 {[%clk 0:24:07]} Qh4
{[%clk 0:06:58]} 25. Ra7 {[%clk 0:23:06]} Nxd5 {[%clk 0:06:49]} 26. Qxd5 {[%clk
0:23:15]} Be6 {[%clk 0:07:09]} 27. Qc6 {[%clk 0:20:04]} Rc8 {[%clk 0:04:05]}
28. Ra8 {[%clk 0:20:10]} Rxa8 {[%clk 0:04:11]} 29. Qxa8+ {[%clk 0:20:34]} Kg7
{[%clk 0:04:37]} 30. Qc6 {[%clk 0:19:14]} Bc4 {[%clk 0:03:43]} 31. Ra1 {[%clk
0:19:34]} d5 {[%clk 0:03:47]} 32. Nxc5 {[%clk 0:18:31]} Qd4 {[%clk 0:03:50]}
33. Na4 {[%clk 0:17:33]} Bh4 {[%clk 0:03:06]} 34. g3 {[%clk 0:17:21]} Bg5
{[%clk 0:01:19]} 35. Qc5 {[%clk 0:17:04]} Qd2 {[%clk 0:01:00]} 36. b4 {[%clk
0:15:00]} Bf6 {[%clk 0:00:53]} 37. Nb6 {[%clk 0:11:10]} Bb3 {[%clk 0:00:33]}
38. Nd7 {[%clk 0:10:05]} Qb2 {[%clk 0:00:38]} 39. Qf8+ {[%clk 0:10:25]} Kh7
{[%clk 0:01:02]} 40. Nxf6# 1-0

[Event "Deutsche Ländermeisterschaft 2021"]
[Site "Neumünster GER"]
[Date "2021.10.03"]
[Round "3"]
[White "Pohle, Saskia"]
[Black "Chugunov, Ivan"]
[Result "1-0"]
[Termination "normal"]
[Board "7.5"]
[WhiteElo "1880"]
[BlackElo "1515"]
[WhiteClock "00:32:30"]
[BlackClock "00:51:21"]
[WhiteTeam "Sachsen-Anhalt"]
[BlackTeam "Württemberg"]
[PlyCount "49"]
[WhiteFideId "16201604"]
[BlackFideId "16256808"]
[EventCountry "GER"]
[EventRounds "7"]
[EventType "team-swiss"]
[EventDate "2021.10.01"]

1. e4 {[%clk 1:30:59]} c6 {[%clk 1:30:42]} 2. Nf3 {[%clk 1:31:20]} d5 {[%clk
1:30:59]} 3. Nc3 {[%clk 1:31:44]} g6 {[%clk 1:31:18]} 4. d4 {[%clk 1:30:13]}
Bg7 {[%clk 1:31:16]} 5. e5 {[%clk 1:29:53]} f6 {[%clk 1:31:18]} 6. Bf4 {[%clk
1:28:09]} Bg4 {[%clk 1:28:32]} 7. Be2 {[%clk 1:24:03]} Nd7 {[%clk 1:27:27]} 8.
exf6 {[%clk 1:20:57]} Ngxf6 {[%clk 1:27:20]} 9. Ng5 {[%clk 1:18:47]} Bxe2
{[%clk 1:22:50]} 10. Qxe2 {[%clk 1:19:09]} Nf8 {[%clk 1:22:55]} 11. O-O-O
{[%clk 1:13:05]} Qd7 {[%clk 1:21:39]} 12. Rhe1 {[%clk 1:10:39]} h6 {[%clk
1:17:54]} 13. Nf3 {[%clk 1:09:45]} g5 {[%clk 1:09:35]} 14. Bg3 {[%clk 1:05:04]}
Ng6 {[%clk 1:08:32]} 15. h4 {[%clk 1:03:33]} g4 {[%clk 1:06:03]} 16. Ne5 {[%clk
1:01:06]} Nxe5 {[%clk 1:05:20]} 17. dxe5 {[%clk 0:58:07]} Nh7 {[%clk 0:58:22]}
18. e6 {[%clk 0:57:06]} Qd8 {[%clk 0:57:44]} 19. Qxg4 {[%clk 0:57:26]} O-O
{[%clk 0:57:56]} 20. Be5 {[%clk 0:45:44]} Nf6 {[%clk 0:57:52]} 21. Bxf6 {[%clk
0:44:41]} Rxf6 {[%clk 0:56:37]} 22. Ne4 {[%clk 0:39:43]} Rf8 {[%clk 0:55:26]}
23. Ng3 {[%clk 0:33:55]} Qb6 {[%clk 0:52:00]} 24. c3 {[%clk 0:33:18]} Qxf2
{[%clk 0:51:21]} 25. Nh5 {[%clk 0:32:30]} 1-0

[Event "Deutsche Ländermeisterschaft 2021"]
[Site "Neumünster GER"]
[Date "2021.10.03"]
[Round "3"]
[White "Wörz, Ann-Sophie"]
[Black "Voigt, Anastasia"]
[Result "0-1"]
[Termination "normal"]
[Board "7.6"]
[WhiteElo "1560"]
[BlackElo "1756"]
[WhiteClock "00:04:18"]
[BlackClock "00:27:18"]
[WhiteTeam "Württemberg"]
[BlackTeam "Sachsen-Anhalt"]
[PlyCount "126"]
[WhiteFideId "16265890"]
[BlackFideId "16235223"]
[EventCountry "GER"]
[EventRounds "7"]
[EventType "team-swiss"]
[EventDate "2021.10.01"]

1. c4 {[%clk 1:30:59]} e6 {[%clk 1:30:56]} 2. g3 {[%clk 1:31:26]} d5 {[%clk
1:31:19]} 3. Bg2 {[%clk 1:31:48]} Nf6 {[%clk 1:31:41]} 4. Nf3 {[%clk 1:32:09]}
Be7 {[%clk 1:31:56]} 5. O-O {[%clk 1:31:58]} O-O {[%clk 1:32:19]} 6. e3 {[%clk
1:31:31]} c5 {[%clk 1:32:12]} 7. cxd5 {[%clk 1:31:55]} exd5 {[%clk 1:31:59]} 8.
d4 {[%clk 1:32:18]} Nc6 {[%clk 1:30:35]} 9. Nc3 {[%clk 1:31:44]} Be6 {[%clk
1:26:01]} 10. b3 {[%clk 1:31:32]} Rc8 {[%clk 1:21:14]} 11. Bb2 {[%clk 1:30:25]}
Qa5 {[%clk 1:16:33]} 12. Rc1 {[%clk 1:27:43]} Rfd8 {[%clk 1:13:32]} 13. Na4
{[%clk 1:26:16]} Ne4 {[%clk 1:11:01]} 14. a3 {[%clk 1:04:18]} Qb5 {[%clk
0:58:57]} 15. Re1 {[%clk 1:01:05]} Na5 {[%clk 0:51:22]} 16. dxc5 {[%clk
0:59:40]} Nxb3 {[%clk 0:44:51]} 17. Nc3 {[%clk 0:58:19]} Nxc3 {[%clk 0:44:38]}
18. Rxc3 {[%clk 0:58:02]} Nxc5 {[%clk 0:43:25]} 19. Ba1 {[%clk 0:52:59]} Bf6
{[%clk 0:39:34]} 20. Nd4 {[%clk 0:50:46]} Qa4 {[%clk 0:37:23]} 21. Qxa4 {[%clk
0:48:30]} Nxa4 {[%clk 0:37:44]} 22. Rcc1 {[%clk 0:46:49]} Nb6 {[%clk 0:35:39]}
23. Nb5 {[%clk 0:39:44]} Bxa1 {[%clk 0:34:25]} 24. Rxa1 {[%clk 0:40:12]} a6
{[%clk 0:34:26]} 25. Nd4 {[%clk 0:40:23]} Rc7 {[%clk 0:33:23]} 26. Red1 {[%clk
0:32:40]} Rdc8 {[%clk 0:30:36]} 27. Ne2 {[%clk 0:30:29]} Bg4 {[%clk 0:29:04]}
28. f3 {[%clk 0:28:41]} Bf5 {[%clk 0:28:23]} 29. Nd4 {[%clk 0:27:16]} Bg6
{[%clk 0:27:31]} 30. Bh3 {[%clk 0:25:26]} Re8 {[%clk 0:27:17]} 31. Kf2 {[%clk
0:23:10]} Rc3 {[%clk 0:25:56]} 32. Re1 {[%clk 0:19:21]} Nc4 {[%clk 0:25:18]}
33. f4 {[%clk 0:17:17]} Be4 {[%clk 0:24:09]} 34. a4 {[%clk 0:14:27]} Re7 {[%clk
0:21:09]} 35. Bf1 {[%clk 0:12:12]} Rc7 {[%clk 0:19:08]} 36. Bxc4 {[%clk
0:10:50]} R7xc4 {[%clk 0:16:48]} 37. Re2 {[%clk 0:09:15]} Rb4 {[%clk 0:14:40]}
38. Raa2 {[%clk 0:07:37]} Rb1 {[%clk 0:13:02]} 39. Rab2 {[%clk 0:06:16]} Rcc1
{[%clk 0:12:44]} 40. Rxb1 {[%clk 0:05:57]} Rxb1 {[%clk 0:13:04]} 41. Re1 {[%clk
0:06:05]} Rb4 {[%clk 0:10:02]} 42. a5 {[%clk 0:05:35]} Kf8 {[%clk 0:07:19]} 43.
g4 {[%clk 0:26:20]} Ke7 {[%clk 0:36:04]} 44. Kg3 {[%clk 0:25:44]} Ra4 {[%clk
0:34:49]} 45. Nb3 {[%clk 0:25:27]} Kd6 {[%clk 0:34:32]} 46. Re2 {[%clk
0:21:44]} Bd3 {[%clk 0:33:51]} 47. Rd2 {[%clk 0:19:28]} Bc4 {[%clk 0:33:53]}
48. Nd4 {[%clk 0:19:05]} g6 {[%clk 0:33:40]} 49. Nf3 {[%clk 0:19:08]} f6 {[%clk
0:33:28]} 50. Rb2 {[%clk 0:18:23]} Bb5 {[%clk 0:33:19]} 51. Rc2 {[%clk
0:14:23]} Bc6 {[%clk 0:32:45]} 52. Nd4 {[%clk 0:12:41]} Rxa5 {[%clk 0:32:34]}
53. f5 {[%clk 0:12:34]} Ra3 {[%clk 0:31:16]} 54. fxg6 {[%clk 0:09:00]} hxg6
{[%clk 0:31:27]} 55. Kf4 {[%clk 0:08:41]} Bd7 {[%clk 0:31:19]} 56. h4 {[%clk
0:08:55]} g5+ {[%clk 0:30:06]} 57. hxg5 {[%clk 0:08:59]} fxg5+ {[%clk 0:30:29]}
58. Kxg5 {[%clk 0:09:09]} Rxe3 {[%clk 0:30:24]} 59. Nf5+ {[%clk 0:06:13]} Bxf5
{[%clk 0:30:41]} 60. gxf5 {[%clk 0:06:11]} Ke5 {[%clk 0:27:16]} 61. Rc7 {[%clk
0:04:56]} Rg3+ {[%clk 0:27:21]} 62. Kh4 {[%clk 0:05:18]} Rf3 {[%clk 0:27:04]}
63. Rxb7 {[%clk 0:04:18]} Rxf5 {[%clk 0:27:18]} 0-1

[Event "Deutsche Ländermeisterschaft 2021"]
[Site "Neumünster GER"]
[Date "2021.10.03"]
[Round "3"]
[White "Polzin, Gustav"]
[Black "Dohon, Maria-Johanna"]
[Result "1-0"]
[Termination "normal"]
[Board "7.7"]
[WhiteElo "1536"]
[BlackElo "1521"]
[WhiteClock "00:31:56"]
[BlackClock "00:01:27"]
[WhiteTeam "Sachsen-Anhalt"]
[BlackTeam "Württemberg"]
[PlyCount "69"]
[WhiteFideId "34603280"]
[BlackFideId "34600957"]
[EventCountry "GER"]
[EventRounds "7"]
[EventType "team-swiss"]
[EventDate "2021.10.01"]

1. e4 {[%clk 1:30:57]} c6 {[%clk 1:30:53]} 2. d4 {[%clk 1:31:20]} d5 {[%clk
1:31:17]} 3. Nc3 {[%clk 1:31:38]} dxe4 {[%clk 1:31:32]} 4. Nxe4 {[%clk
1:31:59]} Nf6 {[%clk 1:31:34]} 5. Nxf6+ {[%clk 1:32:13]} gxf6 {[%clk 1:31:46]}
6. Bf4 {[%clk 1:31:48]} Bf5 {[%clk 1:31:31]} 7. Nf3 {[%clk 1:29:42]} e6 {[%clk
1:31:01]} 8. Bd3 {[%clk 1:29:55]} Bg6 {[%clk 1:30:42]} 9. c3 {[%clk 1:29:22]}
Bd6 {[%clk 1:29:05]} 10. Bxd6 {[%clk 1:28:48]} Qxd6 {[%clk 1:29:28]} 11. Qd2
{[%clk 1:28:59]} Nd7 {[%clk 1:28:43]} 12. O-O-O {[%clk 1:28:36]} O-O-O {[%clk
1:27:51]} 13. h4 {[%clk 1:25:15]} Rhg8 {[%clk 1:21:34]} 14. g3 {[%clk 1:24:30]}
Qd5 {[%clk 1:16:01]} 15. Qe3 {[%clk 1:14:55]} Qxa2 {[%clk 1:11:49]} 16. Nd2
{[%clk 1:15:00]} Bxd3 {[%clk 1:06:43]} 17. Qxd3 {[%clk 1:15:20]} f5 {[%clk
0:44:30]} 18. Kc2 {[%clk 1:11:58]} Qd5 {[%clk 0:39:00]} 19. Qe2 {[%clk
1:03:03]} Nf6 {[%clk 0:35:48]} 20. Rhe1 {[%clk 0:59:16]} Rg4 {[%clk 0:32:44]}
21. Qd3 {[%clk 0:56:31]} c5 {[%clk 0:22:07]} 22. Re5 {[%clk 0:55:16]} Qxe5
{[%clk 0:21:53]} 23. dxe5 {[%clk 0:55:32]} Rxd3 {[%clk 0:22:12]} 24. Kxd3
{[%clk 0:55:37]} Nd5 {[%clk 0:21:13]} 25. Nc4 {[%clk 0:54:25]} f4 {[%clk
0:13:27]} 26. Nd6+ {[%clk 0:47:14]} Kb8 {[%clk 0:12:00]} 27. Rg1 {[%clk
0:44:56]} f6 {[%clk 0:08:07]} 28. Ne4 {[%clk 0:42:16]} c4+ {[%clk 0:05:50]} 29.
Kd4 {[%clk 0:33:11]} f5 {[%clk 0:03:35]} 30. Nf6 {[%clk 0:31:06]} Nxf6 {[%clk
0:03:10]} 31. exf6 {[%clk 0:31:00]} fxg3+ {[%clk 0:03:25]} 32. Ke5 {[%clk
0:31:17]} gxf2 {[%clk 0:01:37]} 33. Rf1 {[%clk 0:31:13]} Rg8 {[%clk 0:01:15]}
34. f7 {[%clk 0:31:31]} Rf8 {[%clk 0:01:27]} 35. Kxe6 {[%clk 0:31:56]} 1-0

[Event "Deutsche Ländermeisterschaft 2021"]
[Site "Neumünster GER"]
[Date "2021.10.03"]
[Round "3"]
[White "Stasaitis, Paulina"]
[Black "Rössling, Laura Marie"]
[Result "1-0"]
[Termination "normal"]
[Board "7.8"]
[WhiteElo "1280"]
[BlackElo "986"]
[WhiteClock "00:45:46"]
[BlackClock "00:45:03"]
[WhiteTeam "Württemberg"]
[BlackTeam "Sachsen-Anhalt"]
[PlyCount "81"]
[WhiteFideId "34606165"]
[BlackFideId "16289471"]
[EventCountry "GER"]
[EventRounds "7"]
[EventType "team-swiss"]
[EventDate "2021.10.01"]

1. d4 {[%clk 1:30:54]} d5 {[%clk 1:30:46]} 2. Bf4 {[%clk 1:30:52]} Nf6 {[%clk
1:30:06]} 3. Nf3 {[%clk 1:30:47]} e6 {[%clk 1:29:52]} 4. e3 {[%clk 1:30:52]}
Be7 {[%clk 1:29:19]} 5. Bd3 {[%clk 1:28:40]} O-O {[%clk 1:28:59]} 6. c3 {[%clk
1:27:45]} c5 {[%clk 1:28:59]} 7. Nbd2 {[%clk 1:25:55]} c4 {[%clk 1:25:20]} 8.
Bb1 {[%clk 1:25:47]} Bd6 {[%clk 1:21:14]} 9. Bg3 {[%clk 1:22:28]} b6 {[%clk
1:15:20]} 10. Qc2 {[%clk 1:22:01]} Bxg3 {[%clk 1:11:56]} 11. hxg3 {[%clk
1:22:08]} g6 {[%clk 1:10:45]} 12. Qd1 {[%clk 1:19:39]} Nc6 {[%clk 1:09:28]} 13.
Ne5 {[%clk 1:19:04]} Nxe5 {[%clk 1:08:31]} 14. dxe5 {[%clk 1:18:34]} Nd7 {[%clk
1:07:14]} 15. f4 {[%clk 1:18:18]} Nc5 {[%clk 1:05:02]} 16. Qg4 {[%clk 1:16:45]}
f5 {[%clk 1:03:57]} 17. Qh3 Rf7 {[%clk 1:02:34]} 18. g4 {[%clk 1:14:44]} Nd3+
{[%clk 1:02:10]} 19. Bxd3 {[%clk 1:14:59]} cxd3 {[%clk 1:02:28]} 20. gxf5
{[%clk 1:14:31]} exf5 {[%clk 1:02:37]} 21. Nf3 {[%clk 1:14:39]} Qe7 {[%clk
1:01:20]} 22. O-O-O {[%clk 1:11:51]} Ba6 {[%clk 0:58:05]} 23. Rh2 {[%clk
1:09:13]} Rc8 {[%clk 0:57:59]} 24. g4 {[%clk 1:00:30]} fxg4 {[%clk 0:56:29]}
25. Qxg4 {[%clk 1:00:48]} Qc5 {[%clk 0:55:38]} 26. Nd4 {[%clk 0:59:20]} Qc4
{[%clk 0:52:38]} 27. Qe6 {[%clk 0:53:55]} Qxa2 {[%clk 0:52:21]} 28. Rdh1 {[%clk
0:46:49]} Qa1+ {[%clk 0:52:35]} 29. Kd2 {[%clk 0:46:59]} Qxb2+ {[%clk 0:52:26]}
30. Ke1 {[%clk 0:45:39]} Qxc3+ {[%clk 0:52:40]} 31. Kf2 {[%clk 0:45:48]} Qd2+
{[%clk 0:52:35]} 32. Kf3 {[%clk 0:45:49]} Qxh2 {[%clk 0:46:13]} 33. Rxh2 {[%clk
0:46:06]} g5 {[%clk 0:44:03]} 34. Nf5 {[%clk 0:44:30]} Rcf8 {[%clk 0:44:06]}
35. Nh6+ {[%clk 0:44:38]} Kg7 {[%clk 0:44:07]} 36. Nxf7 {[%clk 0:44:42]} Rxf7
{[%clk 0:44:10]} 37. Qh6+ {[%clk 0:44:32]} Kg8 {[%clk 0:44:12]} 38. Qxg5+
{[%clk 0:44:50]} Rg7 {[%clk 0:44:23]} 39. Qd8+ {[%clk 0:45:04]} Kf7 {[%clk
0:44:42]} 40. Qd7+ {[%clk 0:45:26]} Kg8 {[%clk 0:45:03]} 41. Qe8# {[%clk
0:45:46]} 1-0